000 01337cam a22002897a 4500
001 471
005 20250821135055.0
020 _a9780545750240 (pbk.)
020 _a0545750245 (pbk.)
040 _aXY4
_cXY4
_dOCLCO
_dDLC
050 0 0 _aPZ7.H1996
_bPc 2015
082 0 4 _a813.6
_223
100 1 _aHapka, Cathy.
245 1 0 _aPearl's ocean magic /
_cby Catherine Hapka ; illustrated by Hollie Hibbert.
260 _aNew York :
_bScholastic,
_c2015.
300 _a92 pages :
_billustrations :
_c20 cm.
490 0 _aDolphin school ;
_v1
500 _aIncludes a sneak peek at Dolphin School Echo's Lucky Charm.
505 _aK
520 _aWelcome to Coral Cove Dolphin School. Pearl is a magical dolphin of the Salty Sea, and today is her first day of school. Her classmates Echo and Splash make great new friends! Together they start learning dolphin skills like magic, music, and jumping. But another student, Flip, just won't stop bragging. When he accepts a dare from an older student, he ends up in terrible danger from a shark! Can Pearl and her friends save him? It's an exciting first day at Dolphin School!
521 2 _a550
_bLexile
521 0 _aK
_bRaz-Plus
650 0 _aDolphins
_vJuvenile fiction.
700 1 _aHibbert, Hollie,
_eill.
906 _a7
_bcbc
_ccopycat
_d2
_encip
_f20
_gy-gencatlg
942 _2ddc
_cBK
_n0
999 _c471
_d471